| 000 | 00404nam a2200145Ia 4500 | ||
|---|---|---|---|
| 008 | 150201s2003 xx 000 0 und d | ||
| 082 |
_a610.7 _bE03W |
||
| 100 | _aWASHINGTON,DC | ||
| 245 | _aEMERGENCY MEDICAL SERVICES SYSTEMS DEVELOPMENT | ||
| 250 | _a1ST | ||
| 260 |
_bPAN AMERICAL HEALTH ORGANIZATION _aDELHI _c203 |
||
| 300 | _a1-214 | ||
| 650 | _aOTHER CLINICAL & NON CLINICAL BOOKS | ||
| 942 |
_2ddc _cBK |
||
| 999 |
_c457 _d457 |
||